Εισοδηματική πολιτική : έκθεση
Αποθηκεύτηκε σε:
| Συγγραφή απο Οργανισμό/Αρχή: | |
|---|---|
| Μορφή: | Βιβλίο |
| Γλώσσα: | Greek |
| Δημοσίευση: |
Αθήνα :
ΚΕΠΕ,
1976.
|
| Σειρά: | Πρόγραμμα αναπτύξεως 1976-1980 ;
v.4 |
| Θέματα: | |
| Ετικέτες: |
Προσθήκη ετικέτας
Δεν υπάρχουν, Καταχωρήστε ετικέτα πρώτοι!
|
MARC
| LEADER | 00000cam a2200000 i 4500 | ||
|---|---|---|---|
| 001 | 1/52734 | ||
| 008 | 950213s1976 gr | ||| |||| ||gre|| | ||
| 035 | |l 10027396 | ||
| 040 | |a GR-MY-UA |b gre |e aacr | ||
| 041 | 0 | |a gre | |
| 082 | 7 | |a 339.509495 |2 (22) | |
| 110 | 2 | |a Κέντρο Προγραμματισμού και Οικονομικών Ερευνών. | |
| 245 | 1 | 0 | |a Εισοδηματική πολιτική : |b έκθεση / |c Κέντρο Προγραμματισμού και Οικονομικών Ερευνών. |
| 260 | |a Αθήνα : |b ΚΕΠΕ, |c 1976. | ||
| 300 | |a 207 σ. : |b πίν., χάρτ. ; |c 25 εκ. | ||
| 490 | 1 | |a (Πρόγραμμα αναπτύξεως 1976-80 ; |v vol.4) | |
| 650 | 0 | 0 | |a Wage-price policy |z Greece. |
| 830 | 0 | |a Πρόγραμμα αναπτύξεως 1976-1980 ; |v v.4 | |
| 852 | |a INST |b CHIOS |e 19950213 |h 339.509495 ΕΙΣ |p 005200005205 |q 005200005205 |t BK |y 0 | ||
| 909 | |a Χ |b 000169 | ||
| 970 | |z 1995/02 | ||